| 000 | 00616nam a22001937a 4500 | ||
|---|---|---|---|
| 999 |
_c170521 _d170521 |
||
| 005 | 20191217124044.0 | ||
| 010 | _a380009 | ||
| 020 | _c5.00 | ||
| 035 | _a380009 | ||
| 037 | _bBPPD/Pub. | ||
| 082 | _a840.9 | ||
| 100 | _aحکیم سید شمس اللہ قادری | ||
| 245 |
_aاردوے قریم / _cحکیم سید شمس اللہ قادری |
||
| 246 |
_aUrdu-e-Karim / _bby Hakeem Sayyed Shamsullah Kadri |
||
| 260 |
_aکراچی _bجیزل پبلیشنگ ہاوس _c1963 ء |
||
| 270 |
_aبرنس روڑ _bکراچی |
||
| 300 |
_a288p. _c18cm(Hb) |
||
| 942 |
_2ddc _cUR _h840.9 _mق ا د |
||